[Event "SWE-chT2 0708"]
[Site "Sweden"]
[Date "2008.02.03"]
[Round "6"]
[White "Zackrisson, Mattias"]
[Black "Elenius, Erik"]
[Result "1/2-1/2"]
[WhiteElo "2103"]
[BlackElo "2184"]
[PlyCount "38"]
[EventDate "2007.10.20"]
[EventType "team-tourn"]
[EventRounds "9"]
[EventCountry "SWE"]
[SourceTitle "EXT 2009"]
[Source "ChessBase"]
[SourceDate "2008.11.26"]
[SourceVersion "1"]
[SourceVersionDate "2008.11.26"]
[SourceQuality "1"]
[WhiteTeam "Lundby"]
[BlackTeam "Vastervik"]
[WhiteTeamCountry "SWE"]
[BlackTeamCountry "SWE"]

1. e4 c5 2. Nf3 d6 3. d3 g6 4. g3 Bg7 5. Bg2 Nc6 6. 0-0 e6 7. c3 Nge7 8. Be3 0-0 9. d4 b6 10. e5 cxd4 11. Nxd4 d5 12. f4 Nxd4 13. Bxd4 Qc7 14. Na3 a6 15. c4 Bb7 16. Rc1 Rfc8 17. Qd2 Qd8 18. Qb4 Rc6 19. Bf2 Bf8 1/2-1/2